<?xml version="1.0" encoding="UTF-8"?>
<collection xmlns="http://www.loc.gov/MARC21/slim">
 <record>
  <leader>02046nam a22002897a 4500</leader>
  <controlfield tag="001">NCT_66742</controlfield>
  <controlfield tag="008">190814b        xxu||||| |||| 00| 0 vie d</controlfield>
  <datafield tag="999" ind1=" " ind2=" ">
   <subfield code="c">3225</subfield>
   <subfield code="d">3225</subfield>
  </datafield>
  <datafield tag="020" ind1=" " ind2=" ">
   <subfield code="c">46000</subfield>
  </datafield>
  <datafield tag="082" ind1="0" ind2="4">
   <subfield code="2">23rd ed.</subfield>
   <subfield code="a">344.597046</subfield>
   <subfield code="b">Ph561</subfield>
  </datafield>
  <datafield tag="100" ind1="1" ind2=" ">
   <subfield code="a">Nguyễn Văn Phương</subfield>
   <subfield code="e">Chủ biên</subfield>
  </datafield>
  <datafield tag="245" ind1="1" ind2="0">
   <subfield code="a">Tập bài giảng pháp luật môi trường trong kinh doanh</subfield>
   <subfield code="c">Nguyễn Văn Phương (chủ biên); Vũ Thu Hạnh, Vũ Thị Duyên Thủy</subfield>
  </datafield>
  <datafield tag="260" ind1=" " ind2=" ">
   <subfield code="a">H.</subfield>
   <subfield code="b">Tư pháp</subfield>
   <subfield code="c">2013</subfield>
  </datafield>
  <datafield tag="300" ind1=" " ind2=" ">
   <subfield code="a">351 tr. </subfield>
   <subfield code="c">21cm</subfield>
  </datafield>
  <datafield tag="500" ind1=" " ind2=" ">
   <subfield code="a">ĐTTS ghi: Trường Đại học luật Hà Nội</subfield>
  </datafield>
  <datafield tag="520" ind1="3" ind2=" ">
   <subfield code="a">Cuốn sách trang bị hệ thống kiến thức về pháp luật môi trường trong kinh doanh cho các sinh viên luật - những người trực tiếp xây dựng pháp luật, thực thi và giám sát thực thi pháp luật trong tương lai, góp cung cấp kiến thức và kĩ năng toàn diện cho sinh viên. </subfield>
  </datafield>
  <datafield tag="653" ind1=" " ind2=" ">
   <subfield code="a">Luật học</subfield>
  </datafield>
  <datafield tag="700" ind1="1" ind2=" ">
   <subfield code="a">Vũ Thu Hạnh</subfield>
  </datafield>
  <datafield tag="700" ind1="1" ind2=" ">
   <subfield code="a">Vũ Thị Duyên Thủy</subfield>
  </datafield>
  <datafield tag="700" ind1="1" ind2=" ">
   <subfield code="a">Lưu Ngọc Tố Tâm</subfield>
  </datafield>
  <datafield tag="942" ind1=" " ind2=" ">
   <subfield code="2">ddc</subfield>
   <subfield code="c">BK</subfield>
  </datafield>
  <datafield tag="952" ind1=" " ind2=" ">
   <subfield code="0">0</subfield>
   <subfield code="1">0</subfield>
   <subfield code="2">ddc</subfield>
   <subfield code="4">0</subfield>
   <subfield code="6">344_597046000000000_PH561</subfield>
   <subfield code="7">0</subfield>
   <subfield code="9">17407</subfield>
   <subfield code="a">000001</subfield>
   <subfield code="b">000001</subfield>
   <subfield code="d">2019-08-14</subfield>
   <subfield code="o">344.597046 Ph561</subfield>
   <subfield code="p">MD.15580</subfield>
   <subfield code="r">2019-08-14</subfield>
   <subfield code="v">46000.00</subfield>
   <subfield code="w">2019-08-14</subfield>
   <subfield code="y">BK</subfield>
  </datafield>
  <datafield tag="952" ind1=" " ind2=" ">
   <subfield code="0">0</subfield>
   <subfield code="1">0</subfield>
   <subfield code="2">ddc</subfield>
   <subfield code="4">0</subfield>
   <subfield code="6">344_597046000000000_PH561</subfield>
   <subfield code="7">0</subfield>
   <subfield code="9">17408</subfield>
   <subfield code="a">000001</subfield>
   <subfield code="b">000001</subfield>
   <subfield code="d">2019-08-14</subfield>
   <subfield code="o">344.597046 Ph561</subfield>
   <subfield code="p">MD.15581</subfield>
   <subfield code="r">2019-08-14</subfield>
   <subfield code="v">46000.00</subfield>
   <subfield code="w">2019-08-14</subfield>
   <subfield code="y">BK</subfield>
  </datafield>
  <datafield tag="952" ind1=" " ind2=" ">
   <subfield code="0">0</subfield>
   <subfield code="1">0</subfield>
   <subfield code="2">ddc</subfield>
   <subfield code="4">0</subfield>
   <subfield code="6">344_597046000000000_PH561</subfield>
   <subfield code="7">0</subfield>
   <subfield code="9">17409</subfield>
   <subfield code="a">000001</subfield>
   <subfield code="b">000001</subfield>
   <subfield code="d">2019-08-14</subfield>
   <subfield code="o">344.597046 Ph561</subfield>
   <subfield code="p">MD.15582</subfield>
   <subfield code="r">2019-08-14</subfield>
   <subfield code="v">46000.00</subfield>
   <subfield code="w">2019-08-14</subfield>
   <subfield code="y">BK</subfield>
  </datafield>
  <datafield tag="952" ind1=" " ind2=" ">
   <subfield code="0">0</subfield>
   <subfield code="1">0</subfield>
   <subfield code="2">ddc</subfield>
   <subfield code="4">0</subfield>
   <subfield code="6">344_597046000000000_PH561</subfield>
   <subfield code="7">0</subfield>
   <subfield code="9">17410</subfield>
   <subfield code="a">000001</subfield>
   <subfield code="b">000001</subfield>
   <subfield code="d">2019-08-14</subfield>
   <subfield code="l">2</subfield>
   <subfield code="o">344.597046 Ph561</subfield>
   <subfield code="p">MD.15583</subfield>
   <subfield code="r">2021-01-19</subfield>
   <subfield code="s">2021-01-11</subfield>
   <subfield code="v">46000.00</subfield>
   <subfield code="w">2019-08-14</subfield>
   <subfield code="y">BK</subfield>
  </datafield>
  <datafield tag="952" ind1=" " ind2=" ">
   <subfield code="0">0</subfield>
   <subfield code="1">0</subfield>
   <subfield code="2">ddc</subfield>
   <subfield code="4">0</subfield>
   <subfield code="6">344_597046000000000_PH561</subfield>
   <subfield code="7">0</subfield>
   <subfield code="9">18092</subfield>
   <subfield code="a">000001</subfield>
   <subfield code="b">000001</subfield>
   <subfield code="d">2019-10-11</subfield>
   <subfield code="o">344.597046 Ph561</subfield>
   <subfield code="p">MD.15584</subfield>
   <subfield code="r">2019-10-11</subfield>
   <subfield code="v">46000.00</subfield>
   <subfield code="w">2019-10-11</subfield>
   <subfield code="y">BK</subfield>
  </datafield>
  <datafield tag="980" ind1=" " ind2=" ">
   <subfield code="a">Thư viện Trường Đại học Nam Cần Thơ</subfield>
  </datafield>
 </record>
</collection>
